000 01025nam a2200301Ia 4500
003 OSt
005 20250520123653.0
008 25052050409s9999 xx 000 0 eng d
020 _a9789351433255
037 _aTextbook
040 _aLCT
_beng
_cLCT
041 _aeng
_2eng
084 _aZ,181 / Q15
_qLCT
100 _aRamaiya. A
_9809070
245 0 _aGuide to Companies Act :
_cby A Ramaiya
_bprovinding guidance on the Companies Act,2013 (Vol. 1 & 2)/
250 _a18th ed.
260 _aGurgaon, Haryana
_bLexis Nexis
_c2015
300 _a3V (xxxii, 5985): Appendix (ccxxxix, 4192p) and index (Lxxxiii, 869p.)
365 _aINR
_b13995 (Set Price)
500 _aThis book published in 5 volumes.
500 _a3 Vol has contents, 2 part in appendix and a index.
650 _aLaw
650 _aCompanies Act, 2013
_9809071
650 _aInsolvency and Bankruptcy
_9809072
650 _aGovernment Companies
_9809073
942 _cTB
_hZ,181 / Q15
_2CC
_n0
999 _c1428881
_d1428881